| Tag |
First Indicator |
Second Indicator |
Subfields |
| LEADER |
00000cam a22000008a 4500 |
| 001 |
in00000089267 |
| 005 |
20151214140927.0 |
| 008 |
801211m19829999njua b 00100 engm |
| 010 |
|
|
|a 80029090
|
| 020 |
|
|
|a 0898591007
|
| 035 |
|
|
|a (OCoLC)07174478
|
| 035 |
|
|
|9 AAK2093AM
|
| 040 |
|
|
|a DLC
|c DLC
|d m.c.
|d TXA
|d UtOrBLW
|
| 049 |
|
|
|a TXAM
|c [1672532]
|
| 050 |
0 |
0 |
|a P118
|b .L36
|
| 082 |
0 |
|
|a 401/.9
|2 19
|
| 245 |
0 |
0 |
|a Language development /
|c edited by Stan A. Kuczaj II.
|
| 263 |
|
|
|a 8109
|
| 264 |
|
1 |
|a Hillsdale, N.J. :
|b L. Erlbaum Associates,
|c 1982-
|
| 300 |
|
|
|a volumes :
|b illustrations ;
|c 24 cm.
|
| 336 |
|
|
|a text
|b txt
|2 rdacontent
|
| 337 |
|
|
|a unmediated
|b n
|2 rdamedia
|
| 338 |
|
|
|a volume
|b nc
|2 rdacarrier
|
| 490 |
1 |
|
|a Child psychology
|
| 504 |
|
|
|a Includes bibliographies and indexes.
|
| 505 |
0 |
|
|a v. 1. Syntax and semantics.
|
| 650 |
|
0 |
|a Language acquisition.
|
| 650 |
|
0 |
|a Grammar, Comparative and general
|x Syntax.
|
| 650 |
|
0 |
|a Semantics.
|
| 700 |
1 |
|
|a Kuczaj, Stan A.
|
| 830 |
|
0 |
|a Child psychology.
|
| 999 |
|
|
|a MARS
|
| 999 |
f |
f |
|s a1fe5a20-8f71-3038-b9e3-47118c3ac95d
|i 8fc5f663-dcf9-3708-96f2-17b140329ab2
|t 0
|
| 952 |
f |
f |
|p ric
|a Texas A&M University
|b Rellis Campus
|c Joint Library Facility
|s JLF
|d Remote Storage
|t 0
|e P118 .L36
|h Library of Congress classification
|i unmediated -- volume
|k v.2
|m A14806455967
|
| 952 |
f |
f |
|p ric
|a Texas A&M University
|b Rellis Campus
|c Joint Library Facility
|s JLF
|d Remote Storage
|t 0
|e P118 .L36
|h Library of Congress classification
|i unmediated -- volume
|k v.1
|m A14806172187
|
| 998 |
f |
f |
|a P118 .L36
|s 2
|t 0
|l Remote Storage
|
| 998 |
f |
f |
|a P118 .L36
|t 0
|l Remote Storage
|